[Event "AUTO-OPEN-4637"]
[Site "http://www.queenalice.com/game.php?id=1868796"]
[Date "2026.2.2"]
[Round "1"]
[White "IranSilva"]
[Black "Magnaroc"]
[Result "1-0"]
[WhiteElo "2160"]
[BlackElo "1738"]

1. d4 e6 2. c4 Bb4+ 3. Bd2 Qe7 4. Nc3 Nc6 5. Nf3 Bxc3 6. Bxc3 d5 7. e3 Nf6 8.
cxd5 Nxd5 9. Bb5 Bd7 10. O-O O-O 11. Rc1 a6 12. Ba4 b5 13. Bb3 b4 14. Bd2 a5 15.
Rc5 Nf6 16. Qe2 1-0

[Event "AUTO-OPEN-4637"]
[Site "http://www.queenalice.com/game.php?id=1868797"]
[Date "2026.2.2"]
[Round "1"]
[White "Magnaroc"]
[Black "IranSilva"]
[Result "0-1"]
[WhiteElo "1740"]
[BlackElo "2159"]

1. e4 e5 2. Nf3 Nf6 3. Nxe5 d6 4. Nxf7 Kxf7 5. Bc4+ Be6 6. Bxe6+ Kxe6 7. e5 dxe5
8. O-O Bc5 9. Nc3 Nc6 10. Kh1 Rf8 11. d3 Kf7 12. f4 Kg8 13. fxe5 Nxe5 14. Bg5
Be7 15. Bxf6 Bxf6 16. Ne4 Be7 0-1

[Event "AUTO-OPEN-4625"]
[Site "http://www.queenalice.com/game.php?id=1868837"]
[Date "2026.2.3"]
[Round "2"]
[White "cerenzo72"]
[Black "IranSilva"]
[Result "1-0"]
[WhiteElo "2147"]
[BlackElo "2172"]

1. c4 c5 2. Nc3 Nc6 3. g3 Nf6 4. Bg2 e6 5. Nf3 Be7 6. e4 d6 7. a3 O-O 8. O-O e5
9. b3 Bg4 10. Qc2 Qd7 11. d3 h6 12. Bb2 Bh3 13. Qd2 Bxg2 14. Kxg2 Qg4 15. h3 Qh5
16. Nh2 Nd4 17. g4 Qg6 18. Qd1 a6 19. Ne2 Ne6 20. f4 exf4 21. Nxf4 Nxf4+ 22.
Rxf4 h5 23. Qf3 hxg4 24. Nxg4 Nh5 25. Rf5 Bf6 26. Bxf6 Nxf6 27. Rf1 Nxg4 28.
hxg4 f6 29. g5 Kf7 30. e5 dxe5 31. Rxe5 Kg8 32. Qd5+ Rf7 33. Re7 Rf8 34. Rxb7
Qh5 35. Re7 Qg4+ 36. Kf2 Qf4+ 37. Ke2 Qg4+ 38. Kd2 f5 39. Rxf7 Qxg5+ 40. Kc3
Rxf7 41. Qxc5 Qf6+ 42. d4 g6 43. Qd5 Kg7 44. Qe5 Re7 45. Qxf6+ Kxf6 46. d5 a5
47. Kd4 Rb7 48. Rf3 g5 49. c5 g4 50. Rg3 Kg5 51. c6 Rc7 52. Kc5 f4 53. Rg1 f3
54. d6 f2 55. Rf1 Rf7 56. d7 Rf8 57. Rxf2 1-0

[Event "AUTO-OPEN-4625"]
[Site "http://www.queenalice.com/game.php?id=1868838"]
[Date "2026.2.3"]
[Round "2"]
[White "IranSilva"]
[Black "cerenzo72"]
[Result "0-1"]
[WhiteElo "2186"]
[BlackElo "2185"]

1. d4 Nf6 2. c4 d6 3. Nc3 e5 4. e3 Nbd7 5. Bd3 Be7 6. Nf3 b6 7. e4 exd4 8. Nxd4
Bb7 9. O-O O-O 10. f4 Nc5 11. Qc2 Nxd3 12. Qxd3 Nd7 13. Nd5 Nc5 14. Qc2 Bh4 15.
Nf5 c6 16. Nxh4 cxd5 17. cxd5 Qxh4 18. b4 Nd7 19. Bb2 Rac8 20. Qd3 Nf6 21. Bxf6
Qxf6 22. g3 Rc3 23. Qd2 Rc4 24. Rfe1 Rxe4 0-1

[Event "AUTO-MASTER-3295"]
[Site "http://www.queenalice.com/game.php?id=1868891"]
[Date "2026.2.4"]
[Round "1"]
[White "IranSilva"]
[Black "mvson33"]
[Result "1-0"]
[WhiteElo "2181"]
[BlackElo "1933"]

1. d4 Nf6 2. c4 d5 3. Nc3 e6 4. Nf3 Be7 5. e3 dxc4 6. Bxc4 O-O 7. O-O Nc6 8. Bd2
Bd7 9. Rc1 a6 10. a3 Rc8 11. Bd3 Na7 12. Ne4 Nxe4 13. Bxe4 c6 14. Qe1 Nb5 15.
Ba5 Qe8 16. Ne5 Bd8 17. Bb4 Be7 18. Bxe7 Qxe7 19. Nd3 Nc7 20. Nc5 Nd5 21. b4 Rb8
22. Qd2 Rfd8 23. a4 Nf6 24. Bf3 Nd5 25. Bxd5 exd5 26. a5 Qg5 27. Kh1 Bf5 28. f3
Bg6 29. Qf2 Re8 30. Rce1 Red8 31. e4 dxe4 32. fxe4 Qe7 33. Qf4 Rbc8 34. e5 Rd5
35. e6 fxe6 36. Rxe6 Qg5 37. Qxg5 Rxg5 38. Nxb7 Rd5 39. Rf4 Rb5 40. Nd6 Rxb4 41.
h3 Rcb8 42. Ne4 Rxd4 43. Nf6+ 1-0

[Event "AUTO-MASTER-3295"]
[Site "http://www.queenalice.com/game.php?id=1868892"]
[Date "2026.2.4"]
[Round "1"]
[White "mvson33"]
[Black "IranSilva"]
[Result "0-1"]
[WhiteElo "1943"]
[BlackElo "2210"]

1. d4 d5 2. Nf3 Nf6 3. e3 Bf5 4. Be2 e6 5. O-O Be7 6. c4 O-O 7. Nc3 c6 8. cxd5
exd5 9. Bd2 Nbd7 10. Rc1 Ne4 11. Be1 Ndf6 12. Bd3 Re8 13. Qc2 Nxc3 14. Bxc3 Bxd3
15. Qxd3 Ne4 16. Ne5 f6 17. Nf3 Bd6 18. a3 Qd7 19. Rc2 Qg4 20. Rfc1 Qh5 21. h3
g5 22. Qe2 g4 23. hxg4 Qxg4 24. b4 Kh8 25. Nh2 Bxh2+ 26. Kxh2 Qh4+ 27. Kg1 Rg8
28. f3 Ng3 29. Qf2 Qh1# 0-1

[Event "AUTO-MASTER-3296"]
[Site "http://www.queenalice.com/game.php?id=1869260"]
[Date "2026.2.15"]
[Round "1"]
[White "Capixaba789"]
[Black "IranSilva"]
[Result "0-1"]
[WhiteElo "1953"]
[BlackElo "2159"]

1. d4 d5 2. Nc3 c6 3. f4 Bf5 4. Nf3 h6 5. e3 Nf6 6. Bd3 Bxd3 7. cxd3 e6 8. O-O
Be7 9. Ne5 Nbd7 10. Ne2 O-O 11. Ng3 Nxe5 12. dxe5 Nd7 13. d4 c5 14. dxc5 Nxc5
15. b4 Na6 16. b5 Nc5 17. a4 Bh4 18. Qf3 Bxg3 19. Qxg3 Ne4 20. Qg4 Qa5 21. Ba3
Rfc8 22. h3 Rc3 23. f5 exf5 24. Qxf5 Qd8 25. Qxf7+ Kh8 26. Bf8 Qg5 27. Qxd5
Qxe3+ 28. Kh1 Ng3+ 29. Kh2 Nxf1+ 30. Rxf1 Rc1 31. Bxg7+ Kh7 32. Rf7 Qg1+ 33. Kg3
Qe3+ 34. Rf3 Qg5+ 35. Kh2 Rg8 36. Rf7 Rxg7 37. Rxg7+ Qxg7 38. Qe4+ Kg8 39. e6
Qc7+ 40. g3 Qc2+ 0-1

[Event "AUTO-MASTER-3296"]
[Site "http://www.queenalice.com/game.php?id=1869261"]
[Date "2026.2.15"]
[Round "1"]
[White "IranSilva"]
[Black "Capixaba789"]
[Result "1-0"]
[WhiteElo "2160"]
[BlackElo "1990"]

1. d4 d5 2. c4 Nf6 3. Nc3 e6 4. e3 Be7 5. Nf3 Nc6 6. Bd3 O-O 7. cxd5 exd5 8. Bd2
Bg4 9. Be2 a6 10. Rc1 b5 11. a3 Be6 12. Nxb5 axb5 13. Rxc6 Bd6 14. Rc1 Ne4 15.
O-O f5 16. Qb3 g5 17. Bxb5 g4 18. Bb4 gxf3 19. Bc6 Rb8 20. Bxd5 Bxd5 21. Qxd5+
Kg7 22. Bxd6 fxg2 23. Bxf8+ Qxf8 24. Rxc7+ Kh6 25. Kxg2 Ng5 26. h4 1-0

[Event "AUTO-OPEN-4639"]
[Site "http://www.queenalice.com/game.php?id=1869387"]
[Date "2026.2.18"]
[Round "1"]
[White "zubarev"]
[Black "IranSilva"]
[Result "0-1"]
[WhiteElo "1737"]
[BlackElo "2146"]

1. d4 d5 2. Nc3 c6 3. Nf3 Nf6 4. e3 e6 5. Bd3 Bd6 6. O-O O-O 7. Re1 Nbd7 8. e4
dxe4 9. Nxe4 Nxe4 10. Bxe4 Nf6 11. c3 Nxe4 12. Rxe4 b6 13. Bf4 Bxf4 14. Rxf4 Qd6
15. Re4 Bb7 16. Qd3 c5 17. Rh4 g6 18. Qe3 f6 19. Qh6 Rf7 20. Nd2 cxd4 21. Rxd4
Qc6 22. Nf3 e5 23. Rd2 Rd7 24. Rad1 Rad8 25. Rxd7 Rxd7 26. Rc1 Qa4 27. Qh3 Rd1+
0-1

[Event "AUTO-OPEN-4639"]
[Site "http://www.queenalice.com/game.php?id=1869388"]
[Date "2026.2.18"]
[Round "1"]
[White "IranSilva"]
[Black "zubarev"]
[Result "1-0"]
[WhiteElo "2162"]
[BlackElo "1796"]

1. d4 d5 2. c4 e6 3. Nc3 Bb4 4. Nf3 Ne7 5. Bd2 O-O 6. e3 Bd7 7. cxd5 Bxc3 8.
Bxc3 Nxd5 9. Bd3 f5 10. O-O Be8 11. Qb3 Nc6 12. Rac1 Rb8 13. Ne5 Qd6 14. Nxc6
Bxc6 15. Bd2 f4 16. e4 f3 17. exd5 fxg2 18. Rfe1 Rxf2 19. dxc6 Rxd2 20. Qc3 Qf4
21. Re2 Rxe2 22. Bxe2 Rf8 23. Qe1 Qxd4+ 24. Kxg2 b6 25. Qg3 Qxb2 26. Qe3 Qxa2
27. Kg1 a5 28. Bc4 Qb2 29. Qxe6+ Kh8 30. Qe3 a4 31. Rf1 Rxf1+ 32. Bxf1 g6 33.
Qf2 Qb4 34. Qf6+ 1-0

[Event "AUTO-OPEN-4639"]
[Site "http://www.queenalice.com/game.php?id=1869416"]
[Date "2026.2.18"]
[Round "1"]
[White "IranSilva"]
[Black "donadama"]
[Result "1-0"]
[WhiteElo "2172"]
[BlackElo "2011"]

1. d4 d5 2. c4 e6 3. Nc3 Nf6 4. Nf3 c5 5. e3 Be7 6. Bd3 O-O 7. O-O Nc6 8. cxd5
exd5 9. dxc5 Bxc5 10. Na4 Bd6 11. Bd2 b6 12. Rc1 Bb7 13. Nc3 Re8 14. Nb5 a6 15.
Nxd6 Qxd6 16. Bc3 Rac8 17. Nd4 Nxd4 18. Bxd4 Rxc1 19. Qxc1 Rc8 20. Qb1 g6 21.
Rc1 b5 22. Rxc8+ Bxc8 23. Qc2 Be6 24. Bxf6 1-0

[Event "AUTO-OPEN-4627"]
[Site "http://www.queenalice.com/game.php?id=1869461"]
[Date "2026.2.18"]
[Round "2"]
[White "IranSilva"]
[Black "josebaron"]
[Result "1-0"]
[WhiteElo "2135"]
[BlackElo "2192"]

1. d4 d5 2. c4 dxc4 3. e4 e5 4. Nf3 Bg4 5. Bxc4 exd4 6. Bxf7+ Kxf7 7. Ng5+ Ke8
8. Qxg4 Bb4+ 9. Bd2 Bxd2+ 10. Nxd2 Nf6 11. Qe6+ Qe7 12. Qc4 Nc6 13. Ne6 a6 14.
O-O Ng4 15. Nxd4 Qe5 16. N2f3 Qd6 17. Nxc6 Qxc6 18. Qxc6+ bxc6 19. Rac1 Kf7 20.
Rxc6 Rhc8 21. h3 Nf6 22. Ng5+ Kg8 23. f3 h6 24. Ne6 Ra7 25. Rfc1 Ne8 26. Nc5 a5
27. Nd7 Rd8 28. Rd1 Nd6 29. Ne5 Nf7 30. Rxd8+ Nxd8 31. Rc2 a4 32. Kf2 g5 33. Ke3
Rb7 34. Nd7 a3 35. b3 Ne6 36. Nc5 Nxc5 37. Rxc5 Ra7 38. Rc6 Kg7 39. g3 1-0

[Event "AUTO-OPEN-4627"]
[Site "http://www.queenalice.com/game.php?id=1869462"]
[Date "2026.2.18"]
[Round "2"]
[White "josebaron"]
[Black "IranSilva"]
[Result "1-0"]
[WhiteElo "2181"]
[BlackElo "2146"]

1. e4 e5 2. Nf3 Nf6 3. Nc3 Nc6 4. Bb5 a6 5. Bxc6 dxc6 6. d3 Bd6 7. O-O Bg4 8. h3
Bh5 9. Bg5 h6 10. Bh4 g5 11. Bg3 Qe7 12. d4 exd4 13. Qxd4 Bxf3 14. gxf3 O-O-O
15. Qa7 Bxg3 16. fxg3 Qb4 17. Qa8+ Kd7 18. Rad1+ Ke7 19. Rxd8 Rxd8 20. Qa7 Rd2
21. Rf2 Rxf2 22. Kxf2 c5 23. Ne2 Kd6 24. Qb8 Qxb2 25. Qf8+ Kc6 26. Qxf7 Kb6 27.
c3 c6 28. Qxf6 Qxa2 29. e5 1-0

[Event "AUTO-OPEN-4619"]
[Site "http://www.queenalice.com/game.php?id=1869530"]
[Date "2026.2.21"]
[Round "2"]
[White "cerenzo72"]
[Black "IranSilva"]
[Result "1-0"]
[WhiteElo "2109"]
[BlackElo "2149"]

1. c4 c5 2. Nc3 Nc6 3. Nf3 Nf6 4. e3 e6 5. d4 cxd4 6. exd4 Bb4 7. Bd2 O-O 8. Be2
d5 9. O-O dxc4 10. Bg5 Be7 11. Bxc4 h6 12. Bh4 a6 13. Qc2 b5 14. Bd3 Nxd4 15.
Nxd4 Qxd4 16. Bg3 Bb7 17. Rad1 Qg4 18. Be2 Qg5 19. Rd2 h5 20. f4 Qc5+ 21. Bf2
Qc7 22. Be3 Rad8 23. Rfd1 Rxd2 24. Rxd2 Rc8 25. Qd1 g6 26. h3 b4 27. Nb1 Ne4 28.
Rd7 Qc2 29. Qxc2 Rxc2 30. Bd3 Rxb2 31. Rxb7 1-0